LEADER 01118nam a2200277 i 4500 001 000000155869 003 CaOOAMICUS 005 20061122000000.0 008 061122s1966 it u000 u mul u 013 $a133223 040 $aSeMil$bita 100 1 $aRizzardi, Alfredo,$d<1927- >.$0(OLS)http://semarc/name/36709 245 10$aLirici americani /$cAlfredo Rizzardi. 250 $a2. Edizione interamente rifatta. 260 $aCaltanissetta ; Roma :$bSalvatore Sciascia,$ccopyr. 1966. 300 $aXIII, 448 p. ;$c20 cm. 490 0 $aCollezione Viaggi e Studi ;$v6 500 $aTesto inglese a fronte. - Fondo Ciprandi. 650 4$aPoesia americana - Antologie.$0(OLS)http://semarc/subject/30500 830 0$aCollezione Viaggi e Studi ;$v6.$0(OLS)http://semarc/title/22340 850 $aSeMil 852 $aSeMil$W1$xVenegono$y1$m1U II 25$j107696$B107696$CSeMilBibl$Z2$F117267 $81 941 1 $a1 961 $aOmaggio: Ciprandi dott. Paolo 996 $6245$aLirici americani$9(OLS)http://semarc/title/228365 996 $6260$aCaltanissetta ; Roma :$bSalvatore Sciascia$9(OLS)http://semarc/publisher/30104 LEADER 01104nam a2200253 i 4500 001 000000222611 003 CaOOAMICUS 005 20130920000000.0 008 130920s2009 it u000 u ita u 013 $a201508 040 $aSeMil$bita 245 10$a[Galleria di volti]. 260 $aCaronno Pertusella :$b[s.n.],$c2009. 300 $a60 p. ;$c21 cm. 490 0 $aI quaderni colombiani ;$v41 600 14$aColombo, Giovanni .$0(OLS)http://semarc/subject/2631 650 4$aSacerdoti - Biografie.$0(OLS)http://semarc/subject/16615 773 0 $aColombo, Giovanni $tMedaglioni sacerdotali.$dCaronno Pertusella : [s.n.], 2009.$kQuaderni colombiani$gVolume1$w()28805 830 2$aI quaderni colombiani ;$v41.$0(OLS)http://semarc/title/21284 850 $aSeMil 852 $aSeMil$W1$xVenegono$y1$m5B III 24/5$j172957$B172957$CSeMilBibl$Z2$F183280 $81 961 $aRecupero: Altro 996 $6245$a[Galleria di volti]$9(OLS)http://semarc/title/319138 996 $6260$aCaronno Pertusella :$b[s.n.]$9(OLS)http://semarc/publisher/37886